| 000 | 00386nam a22001577a 4500 | ||
|---|---|---|---|
| 003 | OSt | ||
| 005 | 20240412163730.0 | ||
| 008 | 240412b |||||||| |||| 00| 0 eng d | ||
| 020 | _a9789332549371 | ||
| 040 | _cIIMTU | ||
| 100 | _aSHULER MICHAEL L. | ||
| 245 | _aBioprocess Engineering: Basic Concepts | ||
| 260 |
_aNEWV DELHI _bPEARSON INDIA _c2024 |
||
| 300 | _a553 | ||
| 942 |
_2ddc _c02 |
||
| 999 |
_c58705 _d58705 |
||